Espanjalaisia lainasanoja - Statistics

Yleistilastot
  • Tätä visaa on pelattu 653 kertaa
  • Keskiarvotulos 11 / 20
Vastaustilastot
Määritelmä Sana % Oikein
Iltapäivän lepoaika Siesta
83%
Etelä-Amerikassa elävä kamelieläin, josta saadaan villaa Laama
78%
Leveälierinen hattu Sombrero
76%
Tanssi- ja musiikkityyli sekä kastike Salsa
75%
Etelä-Amerikassa elävä kamelieläin, josta saadaan villaa Alpakka
67%
Usein sotavoimiin liitetty juhlallinen kulkue Paraati
63%
Tislatusta agaavesta valmistettava väkevä alkoholijuoma Tequila
60%
Tulinen vihreä chili Jalapeno
56%
Espanjalainen makkara Chorizo
54%
Tropiikin hyttysistä käytetty nimitys Moskiitto
54%
Makeisilla täytetty paperimassasta valmistettu säiliö Piñata
54%
Liioitellun maskuliininen Macho
53%
Pohjois-Atlantin tai itäisen Tyynenmeren trooppinen hirmumyrsky Hurrikaani
51%
Valtaa käyttävä sotilasdiktatuuri Sotilas{juntta}
45%
Näyttämö, lava Estradi
43%
Sotalaivasto Armada
41%
Jyrkkien seinämien välissä oleva laakso Kanjoni
38%
Härkätaistelija Matadori
35%
Pampan ja muiden Etelä-Amerikan eteläosien vastine cowboylle Gaucho
15%
Toinen nimi pöytävuorelle Mesa
12%
Ehtoja vastaavia visoja ei löytynyt
Tulosjakauma
Jokaisen tuloksen saaneiden osuus
Persentiili vastausten määrän mukaan
Tuloshistoriasi
Et ole pelannut tätä visaa